| 000 | 00330nam a2200109 4500 | ||
|---|---|---|---|
| 999 |
_c10619 _d10619 |
||
| 003 | OSt | ||
| 005 | 20220429160342.0 | ||
| 008 | 220429b ||||| |||| 00| 0 eng d | ||
| 245 |
_a100 ideas to beautify yours home _bsuper ways to transform the décor of every room |
||
| 260 |
_aLondon and New York _bMarshall cavendish |
||
| 942 | _2ddc | ||